000 00349nam a22001337a 4500
005 20250901165817.0
008 250402b |||||||| |||| 00| 0 eng d
020 _a9789966194503
050 _aPL 8704 .A74 2016
245 _aDuara
_cTimothy M. Arege
260 _aNairobi:
_bBrook Africa Limited,
_c2016.
300 _aiv, 92 p.:
_c18 cm.
942 _2lcc
999 _c9522
_d9522